Países y ciudades: comparación de estrategias para el crecimiento urbano

Պահպանված է:
Մատենագիտական մանրամասներ
Հիմնական հեղինակ: Rodwin, Lloyd
Ձևաչափ: Տեքստ
Հրապարակվել է: Buenos Aires: Ediciones SIAP
Ցուցիչներ: Ավելացրեք ցուցիչ
Չկան պիտակներ, Եղեք առաջինը, ով նշում է այս գրառումը!

MARC

LEADER 00000 a a2200000 04500
001 22169
003
040
090 |a 150200  
100 |a Rodwin, Lloyd  
245 |a Países y ciudades: comparación de estrategias para el crecimiento urbano  
260 |a Buenos Aires:   |b Ediciones SIAP  
300 |a 490 p.  
999 |c 2063  |d 2063